000 00601nam a2200181Ia 4500
003 GCL
008 140319s9999 xx 000 0 ara d
040 _aGCL /
_cGCL
082 0 4 _a813.01
_bا ب
100 1 _aابراهيم فهمى
_vJoint translator
_@
…ترجم مشارك
245 1 0 _aبحر النيل : قصص قصيرة /
_cابراهيم فهمى
260 _a[S.N] :
_bالهيئة المصرية العامة للكتاب ،
_c1990
300 _a97 ص
490 _a
650 0 4 _aالادب العربى
650 0 4 _aالقصص القصيرة
942 _2ddc
_cBK
999 _c30241
_d30241